00730nam a2200205 a 4500001001000000003000900010005001700019007000300036008004100039020001500080040002500095082000700120111010800127245004500235260008000280300003600360942001400396952009700410999001700507000038200DO-SdBNP20221101093526.0ta110614s2011 dr a 000 0 spa d a9945851993 aDO-SdBNPbspacBNPHU 42222 aConcurso de arte Eduardo León Jimenesd(2010:14 octubre, 9 de enero 2011cSanto Domingon23: )96456810aConcurso de arte Eduardo León Jimenes. aSantiago de los Caballeros, República Dominicana :bCentro León,c2011. a119 p. :bil., retrs. ;c31 cm. 2ddccLBS1 00102ddc51708PDaBNPHUbBNPHUcHDd2013-03-21o p38200-10r2020-06-25w2020-06-25yLBS1 c37690d37690